| 000 | 00938nam a22003017a 4500 | ||
|---|---|---|---|
| 001 | 5442 | ||
| 003 | FISKH | ||
| 005 | 20241206140815.0 | ||
| 008 | 241206b cb ||||| |||| 00| 0 eng d | ||
| 020 | _a9780545206426 | ||
| 040 |
_aFISKH _beng _cFISKH _dFISKH |
||
| 050 | _aDS371.413 | ||
| 082 | _a958.104 | ||
| 100 | _aZullo, Allan | ||
| 245 |
_aBattle heroes : _bvoices from Afghanistan / _cby Allan Zullo |
||
| 250 | _aFirst Scholastic prining, September 2010 | ||
| 260 |
_aNew York : _bScholastic ; _c2010 . |
||
| 300 |
_a159 pages : _billustrations ; _c20 cm . |
||
| 490 | _aTen true tales | ||
| 505 | _aZ | ||
| 520 | _aTen stories of American heroes who have risked their lives for their country while fighting in the Afghan War. | ||
| 521 | 8 |
_a1090
_bLexile |
|
| 521 | 8 |
_aZ
_bRaz-Plus |
|
| 650 |
_aAfghanistan _vNon-fiction |
||
| 650 |
_amilitary _vNon-fiction |
||
| 942 |
_2ddc _cBK _n0 |
||
| 999 |
_c5442 _d5442 |
||